000 01245nam a2200277Ia 4500
003 GCL
005 20240530110911.0
008 140319s2009 ua g b 000 0 ara d
017 _a2009/1803
_bمصر. دار الكتب
020 _a9775471699
040 _aGCL /
_cGCL
082 0 4 _a327.730569/
_bع و
_221
100 0 _aعواطف سراج الدين
245 1 0 _aالولايات المتحدة الامريكية والصراع العربى الاسرائيلى :
_b1963 - 1967 /
_cعواطف سراج الدين
250 _aط.1
260 _aالقاهرة :
_bمصر العربية للنشر والتوزيع،
_c2009.
300 _a303 ص. ؛
_c24 سم.
504 _aيشتمل على ارجاعات ببليوجرافية
650 0 7 _2qrmak
_aالسياسة الدولية
650 0 7 _2qrmak
_aالعلاقات الخارجية
650 0 7 _2qrmak
_aالنزاع العربى الاسرائيلى
651 0 7 _2qrmak
_aالولايات المتحدة الامريكية
_xالعلاقات الخارجية
_zاسرائيل
651 0 7 _2qrmak
_aاسرائيل
_xالعلاقات الخارجية
_zالولايات المتحدة الامريكية
942 _2ddc
_cBK
999 _c66318
_d66318